Full 2019 NFL Draft - Statistics

General Stats
  • This quiz has been taken 72 times
  • The average score is 29 of 254
Answer Stats
Round Pick Team Position College Answer % Correct
1 1 Arizona Cardinals QB Oklahoma Kyler Murray
100%
1 2 San Francisco 49ers DE Ohio State Nick Bosa
91%
1 6 New York Giants QB Duke Daniel Jones
68%
1 8 Detroit Lions TE Iowa T.J. Hockenson
57%
2 51 Tennessee Titans WR Ole Miss A.J. Brown
47%
1 15 Washington Redskins QB Ohio State Dwayne Haskins
47%
1 7 Jacksonville Jaguars LB Kentucky Josh Allen
47%
1 24 Oakland Raiders RB Alabama Josh Jacobs
40%
1 3 New York Jets DT Alabama Quinnen Williams
40%
1 5 Tampa Bay Buccaneers LB LSU Devin White
38%
2 42 Denver Broncos QB Missouri Drew Lock
38%
1 9 Buffalo Bills DT Houston Ed Oliver
38%
1 10 Pittsburgh Steelers LB Michigan Devin Bush
36%
1 4 Oakland Raiders DE Clemson Clelin Ferrell
34%
1 25 Baltimore Ravens WR Oklahoma Marquise Brown
34%
1 16 Carolina Panthers DE Florida State Brian Burns
32%
1 12 Green Bay Packers DE Michigan Rashan Gary
32%
2 36 San Francisco 49ers WR South Carolina Deebo Samuel
30%
1 17 New York Giants DT Clemson Dexter Lawrence
30%
2 53 Philadelphia Eagles RB Penn State Miles Sanders
30%
1 26 Washington Redskins DE Mississippi State Montez Sweat
30%
5 162 Minnesota Vikings LB USC Cameron Smith
28%
1 21 Green Bay Packers S Maryland Darnell Savage
28%
2 64 Seattle Seahawks WR Ole Miss D.K. Metcalf
28%
1 11 Cincinnati Bengals OT Alabama Jonah Williams
28%
1 32 New England Patriots WR Arizona State N'Keal Harry
28%
1 20 Denver Broncos TE Iowa Noah Fant
28%
1 13 Miami Dolphins DT Clemson Christian Wilkins
26%
1 14 Atlanta Falcons G Boston College Chris Lindstrom
23%
2 33 Arizona Cardinals CB Washington Byron Murphy
21%
3 87 New England Patriots RB Alabama Damien Harris
21%
2 48 New Orleans Saints C Texas A&M Erik McCoy
21%
1 18 Minnesota Vikings C NC State Garrett Bradbury
21%
1 19 Tennessee Titans DT Mississippi State Jeffery Simmons
21%
1 27 Oakland Raiders S Mississippi State Johnathan Abram
21%
5 158 Dallas Cowboys CB Miami (FL) Michael Jackson
21%
2 59 Indianapolis Colts WR Ohio State Parris Campbell
21%
1 23 Houston Texans OT Alabama State Tytus Howard
21%
3 100 Carolina Panthers QB West Virginia Will Grier
21%
1 30 New York Giants CB Georgia Deandre Baker
19%
2 46 Cleveland Browns CB LSU Greedy Williams
19%
2 50 Minnesota Vikings TE Alabama Irv Smith Jr.
19%
5 165 Dallas Cowboys DE Miami (FL) Joe Jackson
19%
1 31 Atlanta Falcons OT Washington Kaleb McGary
19%
2 58 Dallas Cowboys DT UCF Trysten Hill
19%
2 62 Arizona Cardinals WR UMass Andy Isabella
17%
3 77 New England Patriots DE Michigan Chase Winovich
17%
2 38 Buffalo Bills OT Oklahoma Cody Ford
17%
2 41 Denver Broncos G Kansas State Dalton Risner
17%
3 73 Chicago Bears RB Iowa State David Montgomery
17%
3 74 Buffalo Bills RB Florida Atlantic Devin Singletary
17%
2 52 Cincinnati Bengals TE Washington Drew Sample
17%
2 44 Green Bay Packers C Mississippi State Elgton Jenkins
17%
6 178 Jacksonville Jaguars QB Washington State Gardner Minshew
17%
2 43 Detroit Lions LB Hawaii Jahlani Tavai
17%
4 133 New England Patriots QB Auburn Jarrett Stidham
17%
2 35 Jacksonville Jaguars OT Florida Jawaan Taylor
17%
1 28 Los Angeles Raiders DT Notre Dame Jerry Tillery
17%
2 57 Philadelphia Eagles WR Stanford J.J. Arcega-Whiteside
17%
2 45 New England Patriots CB Vanderbilt Joejuan Williams
17%
2 63 Kansas City Chiefs S Virginia Juan Thornhill
17%
1 29 Seattle Seahawks DE TCU L.J. Collier
17%
2 56 Kansas City Chiefs WR Georgia Mecole Hardman
17%
2 34 Indianapolis Colts CB Temple Rock Ya-Sin
17%
2 39 Tampa Bay Buccaneers CB Central Michigan Sean Murphy-Bunting
17%
2 61 Los Angeles Rams S Washington Taylor Rapp
17%
1 22 Philadelphia Eagles OT Washington State Andre Dillard
15%
3 70 Los Angeles Rams RB Memphis Darrell Henderson
15%
2 37 Carolina Panthera OT Ole Miss Greg Little
15%
3 65 Arizona Cardinals DE Boston College Zach Allen
15%
2 49 Indianapolis Colts DE TCU Ben Banogu
13%
4 112 Washington Redskins RB Stanford Bryce Love
13%
3 66 Pittsburgh Steelers WR Toledo Diontae Johnson
13%
4 103 Arizona Cardinals WR Iowa State Hakeem Butler
13%
3 94 Tampa Bay Buccaneers CB Auburn Jamel Dean
13%
4 106 Oakland Raiders DE Eastern Michigan Maxx Crosby
13%
3 95 New York Giants DE Old Dominion Oshane Ximines
13%
4 104 Cincinnati Bengals QB NC State Ryan Finley
13%
3 80 Cleveland Browns LB BYU Sione Takitaki
13%
3 76 Washington Redskins WR Ohio State Terry McLaurin
13%
6 197 Baltimore Ravens QB Penn State Trace McSorley
13%
2 40 Oakland Raiders CB Clemson Trayvon Mullen
13%
3 102 Minnesota Vikings RB Boise State Alexander Mattison
11%
4 123 Baltimore Ravens G Oklahoma Ben Powers
11%
3 96 Buffalo Bills TE Ole Miss Dawson Knox
11%
3 71 Denver Broncos DT Ohio State Dre'Mont Jones
11%
5 166 Los Angeles Chargers QB North Dakota State Easton Stick
11%
5 149 Oakland Raiders WR Clemson Hunter Renfrow
11%
3 68 New York Jets LB Florida Jachai Polite
11%
3 85 Baltimore Ravens DE Louisiana Tech Jaylon Ferguson
11%
3 83 Pittsburgh Steelers CB Michigan State Justin Layne
11%
2 54 Houston Texans CB Kentucky Lonnie Johnson
11%
2 47 Seattle Seahawks S Utah Marquise Blair
11%
2 55 Houston Texans OT Northern Illinois Max Scharping
11%
4 136 Cincinnati Bengals G Ohio State Michael Jordan
11%
2 60 Los Angeles Chargers S Delaware Nasir Adderley
11%
4 128 Dallas Cowboys RB Memphis Tony Pollard
11%
3 101 New England Patriots OT West Virginia Yodny Cajuste
11%
5 151 Miami Dolphins LB Wisconsin Andrew Van Ginkel
9%
5 142 Seattle Seahawks LB Washington Ben Burr-Kirven
9%
4 122 Pittsburgh Steelers RB Kentucky Benny Snell
9%
3 89 Indianapolis Colts LB Stanford Bobby Okereke
9%
3 92 New York Jets OT USC Chuma Edoga
9%
3 79 Los Angeles Rams CB Michigan David Long
9%
4 130 Los Angeles Chargers LB Notre Dame Drue Tranquill
9%
3 72 Cincinnati Bengals LB NC State Germaine Pratt
9%
4 134 Los Angeles Rams DT Washington Greg Gaines
9%
3 75 Green Bay Packera TE Texas A&M Jace Sternberger
9%
3 67 San Francisco 49ers WR Baylor Jalen Hurd
9%
3 69 Jacksonville Jaguars TE San Jose State Josh Oliver
9%
4 108 New York Giants CB Notre Dame Julian Love
9%
4 113 Baltimore Ravens RB Oklahoma State Justice Hill
9%
3 84 Kansas City Chiefs DT Western Illinois Khalen Saunders
9%
5 145 Tampa Bay Buccaneers K Utah Matt Gay
9%
3 99 Tampa Bay Buccaneers S Kentucky Mike Edwards
9%
3 93 Baltimore Ravens WR Notre Dame Miles Boykin
9%
4 110 San Francisco 49ers P Utah Mitch Wishnowsky
9%
3 82 Tennessee Titans G Charlotte Nate Davis
9%
3 98 Jacksonville Jaguars LB Murray State Quincy Williams
9%
3 91 Los Angeles Chargers OT Sioux Falls Trey Pipkins
9%
4 116 Tennessee Titans S Iowa Amani Hooker
6%
5 146 Detroit Lions CB Penn State Amani Oruwariye
6%
4 107 Tampa Bay Buccaneers DE Iowa Anthony Nelson
6%
4 117 Detroit Lions DE Clemson Austin Bryant
6%
5 157 New York Jets LB Minnesota Blake Cashman
6%
6 196 New York Jets CB Rutgers Blessuan Austin
6%
4 105 New Orleans Saints S Florida C.J. Gardner-Johnson
6%
5 167 Philadelphia Eagles QB Northwestern Clayton Thorson
6%
3 90 Dallas Cowboys G Penn State Connor McGovern
6%
5 171 New York Giants WR Auburn Darius Slayton
6%
5 139 Arizona Cardinals S Alabama Deionte Thompson
6%
5 148 San Francisco 49ers LB Arkansas Dre Greenlaw
6%
5 164 Indianapolis Colts LB Tarleton State E.J. Speed
6%
4 137 Oakland Raiders TE LSU Foster Moreau
6%
4 120 Seattle Seahawks WR West Virginia Gary Jennings Jr.
6%
4 118 New England Patriots G Arkansas Hjalte Froholdt
6%
5 163 New England Patriots P Stanford Jake Bailey
6%
3 86 Houston Texans TE San Diego State Kahale Warring
6%
4 109 Indianapolis Colts S Michigan State Khari Willis
6%
3 78 Miami Dolphins G Wisconsin Michael Deiter
6%
7 243 Los Angeles Rams S Penn State Nick Scott
6%
4 124 Seattle Seahawks G Wake Forest Phil Haynes
6%
4 126 Chicago Bears WR Georgia Riley Ridley
6%
5 140 Jacksonville Jaguars RB Temple Ryquell Armstead
6%
6 208 Tampa Bay Buccaneers WR Bowling Green Scotty Miller
6%
4 119 Cleveland Browns S Miami (FL) Sheldrick Redwine
6%
6 204 Seattle Seahawks RB Miami (FL) Travis Homer
6%
4 121 New York Jets TE West Virginia Trevon Wesco
6%
3 81 Detroit Lions S Boston College Will Harris
6%
5 170 Cleveland Browns K Oklahoma Austin Seibert
4%
3 97 Los Angeles Rams OT Oklahoma Bobby Evans
4%
5 159 New England Patriots DT Maryland Byron Cowart
4%
7 254 Arizona Cardinals TE UCLA Caleb Wilson
4%
5 161 Houston Texans DE Texas Charles Omenihu
4%
3 88 Seattle Seahawks LB Utah Cody Barton
4%
5 173 Washington Redskins LB North Carolina Cole Holcomb
4%
6 180 New York Giants CB Washburn Corey Ballentine
4%
7 242 Los Angeles Chargers DT Cincinnati Cortez Broughton
4%
7 220 Houston Texans FB Texas A&M Cullen Gillaspia
4%
7 251 Los Angeles Rams LB Texas Tech Dakota Allen
4%
6 214 Kansas City Chiefs RB Utah State Darwin Thompson
4%
5 169 Los Angeles Rams OT Wisconsin David Edwards
4%
6 209 Seattle Seahawks DT Florida State Demarcus Christmas
4%
6 213 Dallas Cowboys S Texas A&M Donovan Wilson
4%
4 114 Minnesota Vikings G Oklahoma Dru Samia
4%
6 200 Los Angeles Chargers LB Houston Emeke Egbule
4%
4 129 Oakland Raiders CB Houston Isaiah Johnson
4%
7 241 Dallas Cowboys DE Oregon Jalen Jelks
4%
4 135 Atlanta Falcons DE Charleston John Cominsky
4%
7 236 Seattle Seahawks WR Hawaii John Ursua
4%
6 187 Denver Broncos WR Colorado Juwann Winfree
4%
6 174 Arizona Cardinals WR Fresno State KeeSean Johnson
4%
4 111 Atlanta Falcons CB Ohio State Kendall Sheffield
4%
6 179 Arizona Cardinals C Georgia Lamont Gaillard
4%
6 191 Minnesota Vikings S Wyoming Marcus Epps
4%
5 144 Indianapolis Colts S USC Marvell Tell
4%
7 218 Dallas Cowboys RB Ohio State Mike Weber
4%
7 216 Kansas City Chiefs G Illinois Nick Allegretti
4%
7 247 Minnesota Vikings WR Colorado State Olabisi Johnson
4%
5 152 Atlanta Falcons RB Pittsburgh Qadree Ollison
4%
6 201 Kansas City Chiefs CB South Carolina Rashad Fenton
4%
6 182 Cincinnati Bengals RB Texas A&M Trayveon Williams
4%
4 132 Seattle Seahawks S Oregon Ugo Amadi
4%
6 207 Pittsburgh Steelers LB Akron Ulysees Gilbert III
4%
6 195 Houston Texans CB Central Michigan Xavier Crawford
4%
5 141 Pittsburgh Steelers TE Michigan Zach Gentry
4%
7 231 New Orleans Saints TE Notre Dame Alize Mack
2%
6 190 Minnesota Vikings DT Arkansas Armon Watts
2%
7 250 Minnesota Vikings LS Air Force Austin Cutting
2%
7 233 Miami Dolphins FB Auburn Chandler Cox
2%
7 245 New York Giants DT Syracuse Chris Slayton
2%
4 115 Carolina Panthers LB Alabama Christian Miller
2%
5 168 Tennessee Titans LB Georgia D'Andre Walker
2%
7 225 Buffalo Bills DE North Carolina A&T Darryl Johnson
2%
6 188 Tennessee Titans LB West Virginia David Long Jr.
2%
5 160 Baltimore Ravens DT Texas A&M Daylon Mack
2%
6 212 Carolina Panthers OT South Carolina Dennis Daley
2%
7 219 Pittsburgh Steelers OT Maryland Derwin Gray
2%
6 194 Green Bay Packers RB Notre Dame Dexter Williams
2%
7 239 Minnesota Vikings WR Oregon Dillon Mitchell
2%
7 221 Cleveland Browns CB Tulane Donnie Lewis
2%
7 235 Jacksonville Jaguars DT Auburn Dontavius Russell
2%
6 189 Cleveland Browns OT Southeast Missouri State Drew Forbes
2%
6 205 Chicago Bears CB Kansas State Duke Shelley
2%
7 232 New York Giants OT Kentucky George Asafo-Adjei
2%
6 199 Indianapolis Colts DE Mississippi State Gerri Green
2%
4 127 Baltimore Ravens CB USC Iman Marshall
2%
7 224 Detroit Lions TE Georgia Isaac Nauta
2%
6 192 Pittsburgh Steelers DT Alabama Isaiah Buggs
2%
6 203 Miami Dolphins OT Ohio State Isaiah Prince
2%
7 240 Indianapolis Colts OT Utah Jackson Barton
2%
6 181 Buffalo Bills S Miami (FL) Jaquan Johnson
2%
7 246 Indianapolis Colts C Ole Miss Javon Patterson
2%
7 227 Washington Redskins CB James Madison Jimmy Moreland
2%
7 253 Washington Redskins DE Oklahoma State Jordan Brailford
2%
7 223 Cincinnati Bengals CB South Dakota State Jordan Brown
2%
5 172 Atlanta Falcons CB Washington Jordan Miller
2%
5 154 Carolina Panthers RB Florida Jordan Scarlett
2%
7 248 Arizona Cardinals OT Morgan State Joshua Miles
2%
5 156 Denver Broncos LB Oregon Justin Hollins
2%
7 244 New Orleans Saints LB Idaho Kaden Elliss
2%
6 176 San Francisco 49ers TE Stanford Kaden Smith
2%
6 206 Washington Redskins WR NC State Kelvin Harmon
2%
7 222 Chicago Bears RB Florida Atlantic Kerrith Whyte
2%
5 150 Green Bay Packers DT Texas A&M Kingsley Keke
2%
7 217 Minnesota Vikings CB Texas Kris Boyd
2%
5 155 Cleveland Browns LB Alabama Mack Wilson
2%
6 203 Atlanta Falcons WR Louisiana-Monroe Marcus Green
2%
7 249 Arizona Cardinals DE Temple Michael Dogbe
2%
7 234 Miami Dolphins RB Washington Myles Gaskin
2%
6 193 Minnesota Vikings OT Elon Oli Udoh
2%
7 229 Detroit Lions DE Arizona P.J. Johnson
2%
7 230 Oakland Raiders DE Prairie View A&M Quinton Bell
2%
4 125 Cincinnati Bengals DT Arizona State Renell Wren
2%
6 211 Cincinnati Bengals RB Arkansas Rodney Anderson
2%
5 153 Washington Redskins G Alabama Ross Pierschbacher
2%
6 177 New Orleans Saints S Rutgers Saquan Hampton
2%
4 138 Philadelphia Eagles DE Penn State Shareef Miller
2%
6 175 Pittsburgh Steelers DE Northern Illinois Sutton Smith
2%
7 215 Tampa Bay Buccaneers DT Missouri Terry Beckner
2%
7 237 Carolina Panthers WR Georgia Terry Godwin
2%
7 228 Buffalo Bills TE Boston College Tommy Sweeney
2%
6 184 Detroit Lions WR Old Dominion Travis Fulgham
2%
6 186 Detroit Lions RB Maryland Ty Johnson
2%
7 226 Green Bay Packers LB TCU Ty Summers
2%
5 147 Buffalo Bills LB Florida Vosean Joseph
2%
4 131 Washington Redskins G Indiana Wes Martin
2%
6 210 Cincinnati Bengals LB Auburn Deshaun Davis
0%
6 183 San Francisco 49ers OT Vanderbilt Justin Skule
0%
6 185 Green Bay Packers CB Toledo Ka'dar Hollman
0%
7 252 New England Patriots CB Ole Miss Ken Webster
0%
5 143 New York Giants LB Wisconsin Ryan Connelly
0%
7 238 Chicago Bears CB Valdosta State Stephen Denmark
0%
6 198 San Francisco 49ers CB Virginia Tim Harris
0%
No matching quizzes found
Score Distribution
Percent of People with Each Score
Percentile by Number Answered
Your Score History
You have not taken this quiz